KOHA-Header-6

Cryptography and Network Security (Record no. 1985)

000 -LEADER
fixed length control field 00331nam a2200133Ia 4500
008 - FIXED-LENGTH DATA ELEMENTS--GENERAL INFORMATION
fixed length control field 190723s9999 xx 000 0 und d
020 ## - INTERNATIONAL STANDARD BOOK NUMBER
International Standard Book Number 978-93-325-8522-5
100 ## - MAIN ENTRY--PERSONAL NAME
Personal name William Stallings
245 #0 - TITLE STATEMENT
Title Cryptography and Network Security
250 ## - EDITION STATEMENT
Edition statement 7nth
260 ## - PUBLICATION, DISTRIBUTION, ETC. (IMPRINT)
Place of publication, distribution, etc Uttar Pradesh
Name of publisher, distributor, etc Pearson
Date of publication, distribution, etc 2017
300 ## - PHYSICAL DESCRIPTION
Extent 766:p
942 ## - ADDED ENTRY ELEMENTS (KOHA)
Koha item type Books
Holdings
Withdrawn status Lost status Source of classification or shelving scheme Damaged status Not for loan Collection code Permanent Location Current Location Shelving location Date acquired Total Checkouts Full call number Barcode Date last seen Date checked out Price effective from Koha item type
          Computer Networking MAJU MAJU Shelf No.A33 2019-07-23 1 5.8 8608 2020-09-02 2019-09-30 2019-07-23 Computer Networking

Powered by Koha